01129naa#a2200181#i#4500001001600000005001700016011001400033100004100047102000700088200022300095210020500318215001000523608004500533675022300578700006400801700005200865856003000917RU\\bibl\12336320260706000741.1##a1994-4683##a20230731b2023####ek#y0rusy0150####ca##aRU1#aПРОБЛЕМЫ ОРГАНИЗАЦИИ И ПРОВЕДЕНИЯ ПРАКТИЧЕСКИХ ЗАНЯТИЙ ПО ФИЗИЧЕСКОЙ КУЛЬТУРЕ В ТЕХНИЧЕСКИХ ВУЗАХeЖурнальная статья1#aМоскваcНациональный государственный Университет физической культуры, спорта и здоровья им. П.Ф. Лесгафтаd2023##a3 с.##aЖурнальная статья2local##aМетодика физического воспитания. Пути и средства физического воспитания. Учебные заведения физической культуры. 796.011.3#1aВойноваgЕкатерина Владимировна#1aКорнеевgПавел Алексеевич4#auchzapiski.lesgaft.spb.ru